000 004020000a22001690004500
003 LK-CoMWRAF
008 230817t ||||| |||| 00| 0 eng d
040 _aLK-CoMWRAF
_dLK-CoMWRAF
_eLK-CoMWRAF
041 _aeng
082 _a022
_bSRI
100 _aSrikhanthan,Raja
245 _aKala Shalaram
_b
260 _aColombo
_Writers Corroperation
_c1994
300 _ap.85
650 _aTamil
942 _cBK
999 _c456
_d456